000 00241nam a2200097Ia 4500
001 1206617
005 20251013114401.0
008 250824s9999 xx 000 0 und d
245 0 _aNAİMA
_cBEHÇET NECATİGİL
260 _bEVEREST YAYINLARI
999 _c1206617
_d1206617